Химические проблемы атомной энергетики и их решения
| Sprog: | russisk |
|---|---|
| Udgivet: |
Санкт-Петербург, ВВМ, 2024
|
| Format: | MixedMaterials Bog |
| KOHA link: | https://koha.lib.tpu.ru/cgi-bin/koha/opac-detail.pl?biblionumber=680493 |
MARC
| LEADER | 00000nam1a2200000 4500 | ||
|---|---|---|---|
| 001 | 680493 | ||
| 005 | 20250617132510.0 | ||
| 010 | |a 978-5-6050889-0-5 | ||
| 090 | |a 680493 | ||
| 100 | |a 20250609d2024 k||y0rusy50 ca | ||
| 101 | 0 | |a rus | |
| 102 | |a RU | ||
| 200 | 1 | |a Химические проблемы атомной энергетики и их решения |f Росатом, Научно-исследовательский технологический институт им. А. П. Александрова |g по идеям и под рук. Л. Н. Москвина | |
| 210 | |a Санкт-Петербург |c ВВМ |d 2024 | ||
| 801 | 0 | |a RU |b 63413507 |c 20250609 | |
| 850 | |a 63413507 | ||
| 942 | |c BK | ||